Introduction to structural analysis & design /

Bibliographic Details
Main Author: Rajan, Subramaniam D.
Format: Book
Language:English
Published: New York : John Wiley, [2001]
Subjects:

MARC

Tag First Indicator Second Indicator Subfields
LEADER 00000cam a22000004a 4500
001 in00001591739
005 20151022162112.0
008 000114s2001 nyua b 001 0 eng
010 |a  00021963  
020 |a 047131997X 
035 |a (OCoLC)ocm43318066 
040 |a DLC  |c DLC  |d TXA  |d UtOrBLW 
042 |a pcc 
049 |a TXAM 
050 0 0 |a TA645  |b .R325 2001 
082 0 0 |a 624.1/71  |2 21 
100 1 |a Rajan, Subramaniam D. 
245 1 0 |a Introduction to structural analysis & design /  |c S.D. Rajan. 
246 3 0 |a Introduction to structural analysis and design 
264 1 |a New York :  |b John Wiley,  |c [2001] 
264 4 |c ©2001 
300 |a xvi, 700 pages :  |b illustrations ;  |c 27 cm. +  |e 1 computer laser optical discs(4 3/4 in.). 
336 |a text  |b txt  |2 rdacontent 
337 |a unmediated  |b n  |2 rdamedia 
338 |a volume  |b nc  |2 rdacarrier 
504 |a Includes bibliographical references (pages 641-642) and index. 
538 |a System requirements for accompanying computer disc: Windows 95/97 or Windows NT; Pentium 100 or equivalent; 16 MB of RAM (32 MB for Windows NT) 800x600 video card and monitor; 6 MB of disk space. 
650 0 |a Structural analysis (Engineering) 
650 0 |a Structural design. 
948 |a cataloged  |b h  |c 2001/2/7  |d c  |e jspillan  |f 11:28:28 am 
994 |a E0  |b TXA 
999 |a MARS 
999 f f |s 1cab2013-86c9-3611-8919-d6bef38064a9  |i fecfada2-966f-392f-9c03-58203b2de7c5  |t 0 
952 f f |p normal  |a Texas A&M University  |b College Station  |c Sterling C. Evans Library  |d Evans: Library Stacks  |t 0  |e TA645 .R325 2001  |h Library of Congress classification  |i unmediated -- volume  |m A14828103798 
952 f f |p ric  |a Texas A&M University  |b Rellis Campus  |c Joint Library Facility  |d Remote Storage  |t 0  |e TA645 .R325 2001  |h Library of Congress classification  |i unmediated -- volume  |m A14827163347 
998 f f |a TA645 .R325 2001  |t 0  |l Evans: Library Stacks 
998 f f |a TA645 .R325 2001  |t 0  |l Remote Storage